Gares de la Saône et Loire - Statistiques

Statistiques générales
  • Ce quiz a été pris 166 fois
    46 depuis la dernière actualisation
  • Le résultat moyen est 11 sur 36
Statistiques - réponses
Nombre de voyageurs Gares % Correct
1 436 372 Mâcon
86%
374 370 Chagny
81%
1 602 704 Châlon sur Saône
81%
113 018 Le Creusot
81%
128 362 Montchanin
72%
168 840 Paray le Monial
67%
406 085 Tournus
67%
70 967 Montceau les Mines
53%
28 459 Digoin
50%
32 413 Louhans
47%
61 700 Etang sur Arroux
33%
465 175 Mâcon - Loché TGV
33%
19 910 Fleurville - Pont de Vaux
31%
37 704 La Clayette - Beaudemont
31%
44 665 Fontaines - Mercurey
28%
37 407 Rully
28%
10 820 Blanzy
25%
11 522 Senozan
25%
42 732 Chauffailles
22%
38 344 Crêches sur Saône
22%
689 875 Le Creusot - Montceau TGV
22%
40 725 Sennecey le Grand
22%
13 881 Génélard
14%
45 548 Pontaneveaux
14%
3 590 Broye
11%
928 Mesvres
11%
54 480 Romanèche Thorins
11%
9 293 Saint Léger sur Dheune
11%
5 991 Ciry le Noble
8%
5 835 Galuzot
8%
6 564 Gilly sur Loire
8%
76 Saint Symphorien de Marmagne
8%
14 743 Cheilly lès Maranges
6%
43 Marmagne sous Creusot
6%
12 515 Mervans
3%
541 Saint Agnan
3%
Aucun quiz correspondant
Distribution des résultats
% des personnes avec chaque résultat
Percentile par nombre de réponses
Votre historique - résultats
Vous n’avez pas pris ce quiz depuis la dernière actualisation